Online
Catalog

La dama de blanco / (Record no. 4240)

MARC details
000 -CABECERA
campo de control de longitud fija 00970cam a2200277 a 4500
001 - NÚMERO DE CONTROL
campo de control 000004431
005 - FECHA Y HORA DE LA ÚLTIMA TRANSACCIÓN
campo de control 20200929151436.0
008 - DATOS DE LONGITUD FIJA--INFORMACIÓN GENERAL
campo de control de longitud fija 791213s1985 sp b 000 f spa
020 ## - NÚMERO INTERNACIONAL ESTÁNDAR DEL LIBRO
Número Internacional Estándar del Libro 8475511791
040 ## - FUENTE DE LA CATALOGACIÓN
Centro catalogador/agencia de origen DO-SdBNP
Centro/agencia transcriptor DLC
Centro/agencia modificador DLC
-- BNPHU
041 17 - CÓDIGO DE LENGUA
Código de lengua del texto/banda sonora o título independiente spa
Código de lengua original eng
Fuente del código Código de idioma MARC
082 ## - NÚMERO DE LA CLASIFICACIÓN DECIMAL DEWEY
Número de clasificación 823.8
Número de documento/Ítem C712d
100 1# - ENTRADA PRINCIPAL--NOMBRE DE PERSONA
Nombre de persona Collins, Wilkie,
Fechas asociadas al nombre 1824-1889.
9 (RLIN) 3261
240 10 - TÍTULO UNIFORME
Título uniforme The woman in white.
Lenguaje de la obra Español
245 13 - MENCIÓN DE TÍTULO
Título La dama de blanco /
Mención de responsabilidad, etc. William Wilkie Collins ; traducción de Maruja Gómez Segalés.
260 ## - PUBLICACIÓN, DISTRIBUCIÓN, ETC.
Lugar de publicación, distribución, etc. Barcelona :
Nombre del editor, distribuidor, etc. Planeta,
Fecha de publicación, distribución, etc. 1985.
300 ## - DESCRIPCIÓN FÍSICA
Extensión 2 v ;
Dimensiones 21 cm.
490 1# - MENCIÓN DE SERIE
Mención de serie Grandes novelas de amor de la literatura universal
Designación de volumen o secuencia 48
534 ## - NOTA SOBRE LA VERSIÓN ORIGINAL
Frase introductoria Título original:
Mención de título del original The woman in white.
650 #4 - PUNTO DE ACCESO ADICIONAL DE MATERIA--TÉRMINO DE MATERIA
Término de materia o nombre geográfico como elemento de entrada Novela inglesa
9 (RLIN) 1071
650 #4 - PUNTO DE ACCESO ADICIONAL DE MATERIA--TÉRMINO DE MATERIA
Término de materia o nombre geográfico como elemento de entrada Literatura inglesa
9 (RLIN) 498
700 1# - PUNTO DE ACCESO ADICIONAL--NOMBRE DE PERSONA
Nombre de persona Gómez Segalés, Maruja,
Término indicativo de función/relación tr.
9 (RLIN) 13017
830 #0 - PUNTO DE ACCESO ADICIONAL DE SERIE-TÍTULO UNIFORME
Título uniforme Grandes novelas de amor de la literatura universal;
Designación de volumen o secuencia 48
9 (RLIN) 13018
910 ## - DATOS DE OPCIÓN DEL USUARIO (OCLC)
Datos de opción del usuario Catalogación derivada
910 ## - DATOS DE OPCIÓN DEL USUARIO (OCLC)
Datos de opción del usuario WM
Holdings
Estado de retiro Estado de pérdida Restricciones de uso No para préstamo Código de colección Localización permanente Ubicación/localización actual Ubicación en estantería Fecha de adquisición Número de inventario Total de préstamos Signatura topográfica completa Código de barras Fecha visto por última vez Precio válido a partir de Tipo de ítem Koha
    Préstamo interno   Monografías: Libros y Folletos General General Depósito 23.07.2009 LF1   823.8 C712d | v.1 4431-10 25.06.2020 25.06.2020 Préstamo interno
    Préstamo interno   Monografías: Libros y Folletos General General Depósito 23.07.2009 LF1   823.8 C712d | v.2 4431-20 25.06.2020 25.06.2020 Préstamo interno

Powered by Koha